September 3rd: Birthdays - Statistics

General Stats
  • This quiz has been taken 4 times
  • The average score is 2 of 7
Answer Stats
Year Clue Answer % Correct
1986 Snowboarder Shaun White
75%
1965 Actor in Platoon Charlie Sheen
50%
1955 Part of band Sex Pistols Steve Jones
50%
1856 Father of Skyscrapers Louis Sullivan
25%
1905 Won 1936 Nobel Prize Carl David Anderson
0%
1947 Prime Minister of Italy Mario Draghi
0%
1929 Gangster Whitey Bulger
0%
No matching quizzes found
Score Distribution
Percent of People with Each Score
Percentile by Number Answered
Your Score History
You have not taken this quiz